000 01262nam a2200301 a 4500
003 DO-SdBNP
005 20240307073942.0
007 ta
008 150409s2020 dr r 001 0 spspa d
020 _a9789945923087
040 _aDO-SdBNP
_bspa
_cBNPHU
_erda
082 4 _a371.2
_bI59g
_222
245 0 0 _aGuía para el desarrollo del acompañamiento pedagógico de la especialidad en gestión de centros educativos /
_cproducción documental Katherine Mejía Capellán, Ubaldina Medina Díaz, Irene Machado Cruz.
264 _aSanto Domingo :
_bInstituto Tecnológico de Santo Domingo,
_c2020.
300 _a53 páginas :
_c28 cm.
336 _2rdacontent
_atexto
_btxt
337 _2rdamedia
_asin mediación
_bn
338 _2rdacarrier
_avolumen
_bnc
504 _aBibliografía : p. 31-32
505 _tIntroducción --
_tFundamentación --
_tRuta procedimental para el desarrollo del acompañamiento pedagógico --
_tBibliografía --
_tAnexos.
590 _aInventariado, 2021/ YL
650 4 _aQuímica
_xExperimentos.
_977314
650 4 _aQuímica
_vProblemas, ejercicios, etc.
_977315
650 4 _aQuímica
_vManuales de laboratorio
_977316
710 2 _aInstituto Tecnológico de Santo Domingo
_978911
910 _aYLockward
942 _2ddc
_cLBS1
999 _c49630
_d49630